[Event "CAN-ch U1600"]
[Site "Kingston CAN"]
[Date "2022.04.14"]
[Round "3.70"]
[White "Samuel, Victor"]
[Black "Sztuka, Jeremy"]
[Result "0-1"]
[WhiteElo "1557"]
[BlackElo "1304"]
[PlyCount "82"]
[EventDate "2022.04.13"]
[EventType "swiss"]
[EventRounds "9"]
[EventCountry "CAN"]

1. e4 b6 2. d4 Bb7 3. Bd3 e6 4. Nf3 c5 5. c3 cxd4 6. cxd4 Bb4+ 7. Bd2 Nc6 8.
Nc3 Nf6 9. O-O h6 10. a3 Bxc3 11. Bxc3 O-O 12. Re1 Re8 13. b4 Rc8 14. Rc1 Ne7
15. Bb2 Ng6 16. e5 Nd5 17. g3 f5 18. exf6 Qxf6 19. Bxg6 Qxg6 20. Ne5 Qf5 21.
Nxd7 Qh3 22. Qf3 Rxc1 23. Bxc1 Re7 24. Ne5 Ne3 25. Nc6 Rf7 26. Qxe3 Bxc6 27. f3
Bxf3 28. Qd2 Bd5 29. Qe2 Bf3 30. Qf2 Bd5 31. Qe2 b5 32. Qd2 Bc4 33. Qg2 Qg4 34.
Qd2 Qf3 35. Qe3 Qxe3+ 36. Rxe3 Rf1+ 37. Kg2 Rxc1 38. Kf3 Bd5+ 39. Kf4 Kf7 40.
Ke5 Ke7 41. h4 Rf1 0-1

[Event "CAN-ch U1600"]
[Site "Kingston CAN"]
[Date "2022.04.14"]
[Round "3.71"]
[White "Hay, John"]
[Black "Brown, Dante"]
[Result "1/2-1/2"]
[WhiteElo "1174"]
[BlackElo "999"]
[PlyCount "77"]
[EventDate "2022.04.13"]
[EventType "swiss"]
[EventRounds "9"]
[EventCountry "CAN"]

1. e4 c6 2. d4 d5 3. Nc3 dxe4 4. Nxe4 Nf6 5. Nc3 Bf5 6. Nf3 e6 7. Bd3 Bg4 8.
Be2 Bd6 9. Bg5 Nbd7 10. Qd2 Qb6 11. Rb1 c5 12. Be3 a6 13. O-O Bxf3 14. Bxf3 Qc7
15. h3 O-O 16. Na4 Rab8 17. Nc3 Rfd8 18. Qe2 cxd4 19. Bxd4 Be5 20. Rfd1 Bxd4
21. Rxd4 Ne5 22. Rxd8+ Rxd8 23. Rd1 Nxf3+ 24. Qxf3 Rc8 25. Rc1 Qc6 26. Qxc6
Rxc6 27. Nd1 Nd5 28. c4 b5 29. c5 Nf4 30. Rc2 Nd3 31. Rd2 Kf8 32. Rxd3 Rxc5 33.
Rc3 Rd5 34. Ne3 Rd6 35. Rc8+ Ke7 36. Rc7+ Ke8 37. Rc8+ Ke7 38. Rc7+ Ke8 39.
Rc8+ 1/2-1/2

[Event "CAN-ch U1600"]
[Site "Kingston CAN"]
[Date "2022.04.15"]
[Round "4.61"]
[White "Gillanders, Robert"]
[Black "Dickson, Raymond"]
[Result "1/2-1/2"]
[WhiteElo "1599"]
[BlackElo "1561"]
[PlyCount "62"]
[EventDate "2022.04.13"]
[EventType "swiss"]
[EventRounds "9"]
[EventCountry "CAN"]

1. d4 d5 2. c4 e6 3. Nf3 Nf6 4. g3 Be7 5. Bg2 O-O 6. O-O Nbd7 7. Nc3 c6 8. Re1
Ne4 9. Qc2 f5 10. e3 Ndf6 11. Ne5 Bd6 12. f3 Nxc3 13. bxc3 Qc7 14. cxd5 exd5
15. f4 Ne4 16. Bxe4 fxe4 17. c4 Qe7 18. cxd5 cxd5 19. Qb3 Be6 20. Rb1 b6 21.
Bd2 Rfc8 22. Rbc1 Ba3 23. Rc6 Rxc6 24. Nxc6 Qd6 25. Nb4 Bxb4 26. Bxb4 Qc6 27.
Ba3 Rc8 28. Rc1 Qd7 29. Rc3 Rxc3 30. Qxc3 Qc8 31. Qxc8+ Bxc8 1/2-1/2

[Event "CAN-ch U1600"]
[Site "Kingston CAN"]
[Date "2022.04.15"]
[Round "4.62"]
[White "Mendes, Aaron Reeve"]
[Black "Byl, Oliver"]
[Result "1-0"]
[WhiteElo "1453"]
[BlackElo "1425"]
[PlyCount "67"]
[EventDate "2022.04.13"]
[EventType "swiss"]
[EventRounds "9"]
[EventCountry "CAN"]

1. e4 c6 2. c4 d5 3. cxd5 cxd5 4. exd5 Nf6 5. Nc3 Nxd5 6. Bc4 Nb6 7. Bb3 Nc6 8.
Nf3 Bf5 9. d4 e6 10. O-O Be7 11. Re1 O-O 12. h3 Na5 13. Bc2 Bxc2 14. Qxc2 Rc8
15. Qe4 Re8 16. Bf4 Nc6 17. Rad1 Nd5 18. Ne5 Bb4 19. Nxc6 Rxc6 20. Nxd5 Bxe1
21. Rxe1 Rf8 22. Nc3 Qb6 23. d5 Rcc8 24. Re2 Qa6 25. d6 Rc4 26. Qe3 Rd8 27. Rd2
Rd7 28. Be5 h6 29. Qg3 g6 30. Qe3 Kh7 31. Ne4 Rxe4 32. Qxe4 Qa5 33. Rc2 Qb5 34.
Rc8 1-0

[Event "CAN-ch U1600"]
[Site "Kingston CAN"]
[Date "2022.04.15"]
[Round "4.63"]
[White "Beardall, Ben"]
[Black "Chen, Rae"]
[Result "0-1"]
[WhiteElo "1580"]
[BlackElo "1483"]
[PlyCount "104"]
[EventDate "2022.04.13"]
[EventType "swiss"]
[EventRounds "9"]
[EventCountry "CAN"]

1. e4 c5 2. d4 cxd4 3. c3 d3 4. c4 d6 5. Bxd3 Nf6 6. h3 Nc6 7. Nc3 g6 8. Nf3
Bg7 9. O-O O-O 10. Be3 h6 11. Rc1 Be6 12. b3 Rc8 13. Bb1 Qd7 14. Kh2 Nh5 15. g4
Nf6 16. Ng1 Ne5 17. f3 Bxg4 18. hxg4 Nfxg4+ 19. fxg4 Nxg4+ 20. Kh1 Nxe3 21. Qe2
Nxf1 22. Qxf1 Rc5 23. Nd5 e6 24. b4 Rc6 25. Nf6+ Bxf6 26. Qxf6 Rfc8 27. Bd3 Qd8
28. Qf2 d5 29. exd5 exd5 30. Rf1 R6c7 31. c5 Qg5 32. Qf6 Qxf6 33. Rxf6 Rc6 34.
Rf4 a5 35. Bb5 R6c7 36. a3 Rd8 37. Rd4 axb4 38. axb4 Re7 39. Bd3 f5 40. Ne2 Re5
41. Nc3 Kf7 42. b5 Rc8 43. Na4 Ke6 44. Rh4 h5 45. Kg2 Re3 46. Bf1 Re4 47. Rxe4+
dxe4 48. Kf2 g5 49. Bc4+ Ke5 50. Nb6 Rxc5 51. Nd7+ Kd4 52. Nxc5 Kxc5 0-1

[Event "CAN-ch U1600"]
[Site "Kingston CAN"]
[Date "2022.04.15"]
[Round "4.64"]
[White "Wen, Justin"]
[Black "Mullur, Neerav"]
[Result "0-1"]
[WhiteElo "1390"]
[BlackElo "1312"]
[PlyCount "106"]
[EventDate "2022.04.13"]
[EventType "swiss"]
[EventRounds "9"]
[EventCountry "CAN"]

1. Nf3 Nf6 2. c4 g6 3. d4 Bg7 4. Nc3 d6 5. e4 O-O 6. Be2 e5 7. dxe5 dxe5 8.
Qxd8 Rxd8 9. Bg5 Re8 10. O-O Na6 11. Rad1 Be6 12. b3 Nc5 13. Bd3 c6 14. h3 Nh5
15. Rfe1 Nf4 16. Bc2 f5 17. exf5 Bxf5 18. Bxf5 gxf5 19. Ne2 Nfd3 20. Rf1 f4 21.
Ne1 h6 22. Nxd3 Nxd3 23. Rxd3 hxg5 24. Rd7 Rad8 25. Rfd1 Bf6 26. Nc3 Rxd7 27.
Rxd7 Re7 28. Ne4 Kf7 29. Nxf6 Kxf6 30. Rxe7 Kxe7 31. Kf1 Kf6 32. Ke2 e4 33. g3
Kf5 34. g4+ Ke5 35. f3 Kd4 36. a3 a5 37. b4 axb4 38. axb4 b6 39. h4 gxh4 40. g5
h3 41. g6 h2 42. g7 h1=Q 43. g8=Q exf3+ 44. Kd2 Qg2+ 45. Qxg2 fxg2 46. b5 g1=Q
47. bxc6 Qe3+ 48. Kd1 Kd3 49. c5 f3 50. c7 f2 51. c6 f1=B 52. c8=N Bh3 53. c7
Bg4# 0-1

[Event "CAN-ch U1600"]
[Site "Kingston CAN"]
[Date "2022.04.15"]
[Round "4.65"]
[White "Narula, Japveer"]
[Black "Cowan, Ryan"]
[Result "0-1"]
[WhiteElo "1138"]
[BlackElo "1508"]
[PlyCount "86"]
[EventDate "2022.04.13"]
[EventType "swiss"]
[EventRounds "9"]
[EventCountry "CAN"]

1. e4 e5 2. Nf3 Nc6 3. c3 Nf6 4. d4 exd4 5. e5 Nd5 6. Qb3 Nb6 7. cxd4 d5 8. Nc3
Bg4 9. Be2 Bxf3 10. Bxf3 Nxd4 11. Qd1 Nxf3+ 12. Qxf3 Bb4 13. O-O O-O 14. a3
Bxc3 15. Qxc3 Qe7 16. Qg3 Kh8 17. f4 f6 18. Re1 Rae8 19. e6 Qc5+ 20. Kh1 d4 21.
Bd2 Qf5 22. Qb3 c5 23. g4 Qxg4 24. Rg1 Qxe6 25. Qg3 Qd5+ 26. Rg2 Rg8 27. Rag1
Nc4 28. Bc1 Re2 29. b3 Rxg2 30. Rxg2 Nd6 31. Kg1 b5 32. b4 c4 33. Bb2 c3 34.
Bc1 d3 35. Qe3 Nc4 36. Qe1 d2 37. Qd1 dxc1=Q 38. Qxc1 Qd4+ 39. Kh1 Ne3 40. Re2
Qd1+ 41. Qxd1 Nxd1 42. Re1 c2 43. Kg2 c1=Q 0-1

[Event "CAN-ch U1600"]
[Site "Kingston CAN"]
[Date "2022.04.15"]
[Round "4.66"]
[White "Gillis, Doug"]
[Black "Lim, Justin"]
[Result "0-1"]
[WhiteElo "1356"]
[BlackElo "1057"]
[PlyCount "90"]
[EventDate "2022.04.13"]
[EventType "swiss"]
[EventRounds "9"]
[EventCountry "CAN"]

1. b3 c5 2. Bb2 b6 3. Nf3 Bb7 4. e3 Nf6 5. c4 e6 6. Nc3 Be7 7. Be2 O-O 8. O-O
d5 9. d4 a6 10. cxd5 exd5 11. Qc2 Nbd7 12. Rfd1 Qc7 13. Rac1 Rac8 14. Qb1 Rfe8
15. Bd3 c4 16. Bf5 b5 17. Ne5 Bc6 18. Nxc6 Qxc6 19. e4 g6 20. Bxd7 Qxd7 21.
Nxd5 Nxd5 22. exd5 Qxd5 23. Bc3 b4 24. Be1 c3 25. Qd3 a5 26. Rc2 Bf6 27. Kf1
Red8 28. Re2 Qxd4 29. Qxd4 Rxd4 30. Rxd4 Bxd4 31. Rc2 Re8 32. f3 Kg7 33. Bg3
Ra8 34. Ke2 Kf6 35. Kd3 Be5 36. Bxe5+ Kxe5 37. Re2+ Kf5 38. g3 Rd8+ 39. Kc2 Rd5
40. a3 Re5 41. Rf2 Re3 42. axb4 axb4 43. h3 h5 44. g4+ Kf4 45. gxh5 gxh5 0-1

[Event "CAN-ch U1600"]
[Site "Kingston CAN"]
[Date "2022.04.15"]
[Round "4.67"]
[White "Tseng, Elliot"]
[Black "Parakin, Don"]
[Result "1-0"]
[WhiteElo "1002"]
[BlackElo "1342"]
[PlyCount "83"]
[EventDate "2022.04.13"]
[EventType "swiss"]
[EventRounds "9"]
[EventCountry "CAN"]

1. e4 c6 2. d4 d5 3. exd5 cxd5 4. c4 Nf6 5. Nc3 Nc6 6. Nf3 Bg4 7. Be2 e6 8. h3
Bh5 9. c5 Bxf3 10. Bxf3 g6 11. O-O a6 12. Na4 Nd7 13. Re1 Bg7 14. Be3 O-O 15.
Qd2 Rb8 16. Rab1 Qh4 17. Red1 Nde5 18. Be2 Nd7 19. b4 Na7 20. Bf4 Ra8 21. Bg4
Qe7 22. Bd6 Qd8 23. Bxf8 Kxf8 24. Nc3 Nb5 25. Nxb5 axb5 26. Be2 Ra3 27. Bxb5
Nf6 28. Rb3 Rxb3 29. axb3 Ne4 30. Qb2 Kg8 31. Ra1 h5 32. Bd3 Nf6 33. b5 Nd7 34.
Qc3 e5 35. Qa5 Qf6 36. Qa8+ Kh7 37. Qxb7 Nxc5 38. Bxg6+ Qxg6 39. dxc5 d4 40.
Ra7 Qg5 41. Qxf7 Qc1+ 42. Kh2 1-0

[Event "CAN-ch U1600"]
[Site "Kingston CAN"]
[Date "2022.04.15"]
[Round "4.68"]
[White "Adam, Sebastien"]
[Black "Cowan, Michael"]
[Result "1-0"]
[WhiteElo "1262"]
[BlackElo "1000"]
[PlyCount "109"]
[EventDate "2022.04.13"]
[EventType "swiss"]
[EventRounds "9"]
[EventCountry "CAN"]

1. e4 e5 2. Nf3 Nc6 3. Bc4 Bc5 4. d3 Nf6 5. c3 d6 6. a4 Bg4 7. b4 Nxb4 8. cxb4
Bxb4+ 9. Bd2 Bc5 10. Nc3 O-O 11. O-O h6 12. Re1 c6 13. a5 b5 14. axb6 axb6 15.
h3 Bh5 16. Qe2 b5 17. Bb3 Bd4 18. Rxa8 Qxa8 19. Qf1 Bxf3 20. gxf3 Qa3 21. Rb1
Qc5 22. Ne2 Qb6 23. Nxd4 exd4 24. Qg2 Kh7 25. Kh2 Qb8 26. Rg1 d5+ 27. Kh1 g6
28. exd5 Nxd5 29. Bxd5 cxd5 30. Qg4 Qb6 31. Qf4 g5 32. Qf5+ Qg6 33. Qxg6+ Kxg6
34. Rg4 Rb8 35. Rxd4 Rd8 36. f4 Kf5 37. fxg5 hxg5 38. Kg2 f6 39. Kg3 Ke5 40.
Rb4 Rb8 41. f4+ Kf5 42. fxg5 fxg5 43. Rg4 Rg8 44. Kf3 Rg6 45. Ke3 Ke5 46. Bc3+
Ke6 47. h4 Kf5 48. Rxg5+ Rxg5 49. hxg5 Kxg5 50. Kd4 Kf5 51. Kxd5 Kf4 52. d4 Ke3
53. Kc5 Kd3 54. Bb4 Ke4 55. d5 1-0

[Event "CAN-ch U1600"]
[Site "Kingston CAN"]
[Date "2022.04.15"]
[Round "4.68"]
[White "Jutras, Arnaud"]
[Black "Paulsen, Lorenz"]
[Result "1-0"]
[WhiteElo "1054"]
[BlackElo "1336"]
[PlyCount "113"]
[EventDate "2022.04.13"]
[EventType "swiss"]
[EventRounds "9"]
[EventCountry "CAN"]

1. c4 c5 2. Nf3 Nc6 3. g3 Nf6 4. Bg2 g6 5. O-O Bg7 6. Nc3 d6 7. d4 O-O 8. a3
cxd4 9. Nxd4 Nxd4 10. Qxd4 Nd7 11. Qd1 a6 12. Qc2 Nf6 13. Re1 Qc7 14. b3 Be6
15. Bb2 Rac8 16. Qd2 Qd7 17. Nd5 Nxd5 18. Bxg7 Kxg7 19. Bxd5 Bh3 20. Bg2 Bxg2
21. Kxg2 Rc5 22. h4 b5 23. cxb5 Qxb5 24. b4 Rc4 25. Rec1 Rfc8 26. Rxc4 Rxc4 27.
Qd3 Qc6+ 28. Qf3 d5 29. Rd1 e6 30. Rd3 Qb6 31. Rc3 Qb5 32. Qd3 e5 33. e3 Qc6
34. Rb3 d4+ 35. Kf1 Rc3 36. Rxc3 Qxc3 37. Qxc3 dxc3 38. Ke2 c2 39. Kd2 c1=Q+
40. Kxc1 Kf6 41. Kd2 Ke6 42. e4 Kd6 43. Kd3 Kc6 44. Kc4 Kb6 45. a4 Kc6 46. a5
f5 47. f3 h6 48. b5+ axb5+ 49. Kb4 h5 50. a6 Kb6 51. a7 Kxa7 52. Kxb5 Kb7 53.
Kc5 Kc7 54. Kd5 f4 55. gxf4 exf4 56. Ke5 Kd7 57. Kf6 1-0

[Event "CAN-ch U1600"]
[Site "Kingston CAN"]
[Date "2022.04.15"]
[Round "4.70"]
[White "Li, Aiden"]
[Black "Sztuka, Jeremy"]
[Result "0-1"]
[WhiteElo "1367"]
[BlackElo "1304"]
[PlyCount "114"]
[EventDate "2022.04.13"]
[EventType "swiss"]
[EventRounds "9"]
[EventCountry "CAN"]

1. c4 b6 2. e3 Bb7 3. Nf3 e6 4. d4 Nf6 5. Nc3 Bb4 6. a3 Bxc3+ 7. bxc3 O-O 8.
Be2 Nc6 9. O-O Rb8 10. a4 Na5 11. Ba3 Re8 12. c5 bxc5 13. Bxc5 d6 14. Ba3 Be4
15. Bd3 Nb3 16. Rb1 Bxf3 17. gxf3 Na5 18. Kh1 Nd5 19. Rxb8 Qxb8 20. Qc2 f5 21.
Rb1 Qd8 22. Rb5 c6 23. Rb1 Nb6 24. Qa2 Nd5 25. Qc2 Nb6 26. Bb4 Nd5 27. c4 Nxb4
28. Rxb4 c5 29. dxc5 dxc5 30. Rb5 Qc7 31. Kg2 a6 32. Rb2 Nc6 33. Qb1 Nb4 34.
Rd2 Rd8 35. Rd1 Qe7 36. Bf1 Qg5+ 37. Kh1 Rf8 38. Bh3 Qh5 39. Bg2 Qh4 40. Rd2
Qxc4 41. Qd1 Nd5 42. f4 Rd8 43. f3 Rf8 44. Rd3 Qb4 45. h3 c4 46. Rd4 Qc3 47.
Rxd5 exd5 48. Qxd5+ Kh8 49. Qd6 Qf6 50. Qb4 c3 51. Qb3 Rc8 52. Qc2 Qd6 53. Qxf5
Qd1+ 54. Kh2 Rd8 55. e4 c2 56. e5 c1=Q 57. e6 Qg1+ 0-1

[Event "CAN-ch U1600"]
[Site "Kingston CAN"]
[Date "2022.04.15"]
[Round "4.71"]
[White "Brown, Dante"]
[Black "Samuel, Victor"]
[Result "0-1"]
[WhiteElo "999"]
[BlackElo "1557"]
[PlyCount "80"]
[EventDate "2022.04.13"]
[EventType "swiss"]
[EventRounds "9"]
[EventCountry "CAN"]

1. d4 e6 2. Bf4 c5 3. e3 d5 4. c3 Nf6 5. h3 Bd6 6. Bxd6 Qxd6 7. Bd3 O-O 8. Nf3
b6 9. Qe2 c4 10. Bc2 Nc6 11. b3 b5 12. b4 a5 13. a3 axb4 14. cxb4 Nxb4 15. O-O
Nxc2 16. Qxc2 b4 17. Qb2 c3 18. Qb3 Ba6 19. Rc1 Bc4 20. Qc2 Ne4 21. Ne5 b3 22.
Nxc4 bxc2 23. Nxd6 cxb1=Q 24. Rcxb1 Nxd6 25. Rc1 Rfc8 26. Rc2 Ra4 27. Kf1 g6
28. Ke2 Nb5 29. Kd3 Rca8 30. Rca2 Kg7 31. f3 f5 32. g4 Kf6 33. h4 Rxa3 34. Rxa3
Rxa3 35. Rxa3 Nxa3 36. Kxc3 Nc4 37. Kd3 fxg4 38. fxg4 h5 39. g5+ Kf5 40. e4+
Kf4 0-1

[Event "CAN-ch U1600"]
[Site "Kingston CAN"]
[Date "2022.04.15"]
[Round "4.72"]
[White "Lan, Jerry"]
[Black "Hay, John"]
[Result "1-0"]
[WhiteElo "998"]
[BlackElo "1174"]
[PlyCount "95"]
[EventDate "2022.04.13"]
[EventType "swiss"]
[EventRounds "9"]
[EventCountry "CAN"]

1. d4 d5 2. c4 dxc4 3. e3 e6 4. Bxc4 Nf6 5. Nf3 c5 6. Nc3 a6 7. O-O b5 8. Bd3
Bb7 9. b3 Qc7 10. e4 cxd4 11. Ne2 Bxe4 12. Bxe4 Nxe4 13. Qxd4 Nf6 14. Bf4 Qd7
15. Qb2 Be7 16. Rfd1 Qb7 17. Rac1 O-O 18. Rc7 Qb6 19. Rxe7 Nc6 20. Rc7 Nd5 21.
Rc1 Nxc7 22. Bxc7 Qxc7 23. Ned4 Kh8 24. Rxc6 Qf4 25. Qc2 h6 26. Ne2 Qf6 27. h3
Qa1+ 28. Kh2 Qf6 29. Ng3 Qf4 30. Kh1 Qf6 31. Ne4 Qd8 32. g3 Rc8 33. Nd6 Ra8 34.
Ne5 Qf6 35. Nd7 Qa1+ 36. Kg2 Qd4 37. Nxf8 Rxf8 38. Nxf7+ Kg8 39. Nd6 Rd8 40.
Ne4 Rd5 41. Rxe6 a5 42. Qc8+ Kh7 43. Qe8 Rf5 44. Qg6+ Kg8 45. Re8+ Rf8 46.
Rxf8+ Kxf8 47. Qd6+ Qxd6 48. Nxd6 1-0

[Event "CAN-ch U1600"]
[Site "Kingston CAN"]
[Date "2022.04.15"]
[Round "5.61"]
[White "Dickson, Raymond"]
[Black "Mendes, Aaron Reeve"]
[Result "0-1"]
[WhiteElo "1561"]
[BlackElo "1453"]
[PlyCount "58"]
[EventDate "2022.04.13"]
[EventType "swiss"]
[EventRounds "9"]
[EventCountry "CAN"]

1. d4 d5 2. e3 Nf6 3. Bd3 c5 4. c3 Nc6 5. f4 Bg4 6. Nf3 e6 7. Nbd2 Bd6 8. O-O
Qe7 9. Qe1 Bf5 10. Bxf5 exf5 11. Ne5 O-O 12. Ndf3 Ne4 13. Nxc6 bxc6 14. Ne5
Rac8 15. Bd2 f6 16. Nf3 Rce8 17. dxc5 Bxc5 18. Nd4 Nxd2 19. Qxd2 Qxe3+ 20. Qxe3
Rxe3 21. Nxf5 Rxc3+ 22. Kh1 Rc4 23. Rac1 Re8 24. b3 Rxc1 25. Rxc1 d4 26. h3 d3
27. Rd1 g6 28. Ng3 d2 29. Rxd2 Re1+ 0-1

[Event "CAN-ch U1600"]
[Site "Kingston CAN"]
[Date "2022.04.15"]
[Round "5.62"]
[White "Mullur, Neerav"]
[Black "Gillanders, Robert"]
[Result "1-0"]
[WhiteElo "1312"]
[BlackElo "1599"]
[PlyCount "109"]
[EventDate "2022.04.13"]
[EventType "swiss"]
[EventRounds "9"]
[EventCountry "CAN"]

1. e4 e6 2. d4 d5 3. Bd3 dxe4 4. Bxe4 c5 5. Ne2 Nf6 6. Bf3 Be7 7. Bf4 O-O 8.
Nbc3 Nd5 9. Nxd5 exd5 10. dxc5 Be6 11. c4 Bxc5 12. cxd5 Bf5 13. O-O Qb6 14. Nc3
Qb4 15. Bg3 Rd8 16. Re1 Nc6 17. Qa4 Nd4 18. Qxb4 Nxf3+ 19. gxf3 Bxb4 20. Rad1
Rac8 21. d6 Bxc3 22. bxc3 Be6 23. Bh4 Rd7 24. f4 Rc5 25. Re5 Rc4 26. Be7 Rxf4
27. Rc5 h6 28. Rd4 Rxd4 29. cxd4 Kh7 30. a4 Kg6 31. f4 b6 32. Re5 Bb3 33. a5
bxa5 34. Rxa5 f6 35. Kf2 Be6 36. Ke3 Bf5 37. h4 h5 38. Kd2 Rb7 39. Kc3 Rb1 40.
Rxa7 Rc1+ 41. Kb4 Rd1 42. Kc5 Be6 43. d7 Bxd7 44. Rxd7 Kf5 45. Bd6 g6 46. Rf7
Ke6 47. Re7+ Kf5 48. d5 Kg4 49. Rg7 Kf5 50. Bc7 Rc1+ 51. Kb6 Ke4 52. d6 Kd5 53.
d7 Rb1+ 54. Ka7 Kc6 55. d8=Q 1-0

[Event "CAN-ch U1600"]
[Site "Kingston CAN"]
[Date "2022.04.15"]
[Round "5.63"]
[White "Chen, Rae"]
[Black "Adam, Sebastien"]
[Result "1-0"]
[WhiteElo "1483"]
[BlackElo "1262"]
[PlyCount "83"]
[EventDate "2022.04.13"]
[EventType "swiss"]
[EventRounds "9"]
[EventCountry "CAN"]

1. e4 c6 2. d4 d5 3. Nd2 dxe4 4. Nxe4 Bf5 5. Ng3 Bg6 6. Nf3 e6 7. Ne5 Ne7 8.
Nxg6 Nxg6 9. Be2 Be7 10. O-O O-O 11. f4 Nh4 12. f5 exf5 13. Nxf5 Bf6 14. Nxh4
Bxh4 15. Kh1 Bf6 16. c3 Nd7 17. Bd3 g6 18. Bf4 Bg7 19. Qb3 Nb6 20. Rae1 Qd7 21.
a4 c5 22. Bb5 Qd5 23. Qxd5 Nxd5 24. Bd6 cxd4 25. Bxf8 Rxf8 26. cxd4 Bxd4 27.
Bc4 Ne3 28. Rf4 Be5 29. Re4 Nxc4 30. Rxc4 Bxb2 31. Rb1 Rd8 32. Kg1 Bd4+ 33. Kf1
Rd5 34. Rxb7 a5 35. Rb5 Rd6 36. Rxa5 Rf6+ 37. Ke1 Bg1 38. Ra8+ Kg7 39. h3 Rf2
40. g4 Rf3 41. Rcc8 Rxh3 42. g5 1-0

[Event "CAN-ch U1600"]
[Site "Kingston CAN"]
[Date "2022.04.15"]
[Round "5.64"]
[White "Cowan, Ryan"]
[Black "Jutras, Arnaud"]
[Result "1/2-1/2"]
[WhiteElo "1508"]
[BlackElo "1054"]
[PlyCount "94"]
[EventDate "2022.04.13"]
[EventType "swiss"]
[EventRounds "9"]
[EventCountry "CAN"]

1. e4 c6 2. d4 d5 3. e5 c5 4. c3 Nc6 5. Nf3 Bg4 6. Be2 e6 7. h3 Bh5 8. Be3 cxd4
9. cxd4 Bb4+ 10. Bd2 Bxd2+ 11. Qxd2 Nge7 12. Nc3 O-O 13. g4 Bg6 14. Bd3 Bxd3
15. Qxd3 a6 16. h4 b5 17. h5 Nc8 18. g5 Nb6 19. b3 Rc8 20. Qd2 Qe7 21. Rc1 Rc7
22. Ne2 Rfc8 23. O-O f6 24. gxf6 gxf6 25. Kh1 Kh8 26. h6 Qf7 27. exf6 Qxf6 28.
Nh2 Rg8 29. Rc3 Qh4 30. Qf4 Qxf4 31. Nxf4 Rcc8 32. Nf3 b4 33. Re3 e5 34. Nxe5
Nxe5 35. Rxe5 Rg4 36. Nxd5 Nxd5 37. Rxd5 Rcg8 38. Rh5 Rxd4 39. Rg1 Rf8 40. Rhg5
Rh4+ 41. Kg2 Rxh6 42. Kf1 Rhf6 43. R1g2 Re8 44. R2g4 Ref8 45. Rg2 Re8 46. R2g4
Ref8 47. Rg2 Re8 1/2-1/2

[Event "CAN-ch U1600"]
[Site "Kingston CAN"]
[Date "2022.04.15"]
[Round "5.65"]
[White "Lim, Justin"]
[Black "Tseng, Elliot"]
[Result "0-1"]
[WhiteElo "1057"]
[BlackElo "1002"]
[PlyCount "44"]
[EventDate "2022.04.13"]
[EventType "swiss"]
[EventRounds "9"]
[EventCountry "CAN"]

1. e4 e5 2. Nf3 Nc6 3. Bb5 a6 4. Ba4 Nf6 5. O-O Be7 6. Re1 b5 7. Bb3 O-O 8. c3
d5 9. exd5 Nxd5 10. Nxe5 Nxe5 11. Rxe5 c6 12. d4 Bd6 13. Re1 Qh4 14. g3 Qh3 15.
Re4 g5 16. Qf1 Qh6 17. Bc2 f5 18. Re2 f4 19. Qe1 Bg4 20. Rd2 Rae8 21. Qf1 fxg3
22. hxg3 Bf3 0-1

[Event "CAN-ch U1600"]
[Site "Kingston CAN"]
[Date "2022.04.15"]
[Round "5.66"]
[White "Byl, Oliver"]
[Black "Beardall, Ben"]
[Result "1-0"]
[WhiteElo "1425"]
[BlackElo "1580"]
[PlyCount "72"]
[EventDate "2022.04.13"]
[EventType "swiss"]
[EventRounds "9"]
[EventCountry "CAN"]

1. Nf3 Nf6 2. b3 d5 3. Bb2 c5 4. e3 a6 5. Be2 Bf5 6. O-O e6 7. d4 Nc6 8. a3 b6
9. Nbd2 Be7 10. c4 O-O 11. cxd5 exd5 12. Rc1 Bd6 13. Re1 Ne7 14. dxc5 bxc5 15.
Bxf6 gxf6 16. Nf1 Kh8 17. Ng3 Be6 18. Bd3 Ng6 19. Qe2 Ne5 20. Bc2 Bg4 21. Red1
Be7 22. h3 Nxf3+ 23. gxf3 Bxh3 24. Qd3 f5 25. Kh2 Qd6 26. Kxh3 Qh6+ 27. Kg2 Rg8
28. Rh1 Bh4 29. Qxf5 Rg7 30. Qh3 Rxg3+ 31. fxg3 Qxe3 32. Qxh4 Qe2+ 33. Kh3 Qe6+
34. g4 h6 35. Rce1 Qd6 36. Qh5 Qf4 1-0

[Event "CAN-ch U1600"]
[Site "Kingston CAN"]
[Date "2022.04.15"]
[Round "5.67"]
[White "Sztuka, Jeremy"]
[Black "Wen, Justin"]
[Result "1-0"]
[WhiteElo "1304"]
[BlackElo "1390"]
[PlyCount "65"]
[EventDate "2022.04.13"]
[EventType "swiss"]
[EventRounds "9"]
[EventCountry "CAN"]

1. b3 a5 2. Bb2 Nf6 3. e3 a4 4. b4 e6 5. a3 d5 6. c4 c5 7. bxc5 Bxc5 8. cxd5
exd5 9. Bxf6 Qxf6 10. d4 Bd6 11. Nc3 Qd8 12. Bb5+ Bd7 13. Bxd7+ Nxd7 14. Nge2
O-O 15. Nxd5 Qa5+ 16. Ndc3 Nf6 17. h3 Ne4 18. Qd3 Nxc3 19. Qxc3 Rfc8 20. Qxa5
Rxa5 21. O-O Rc2 22. Rfe1 Rb5 23. Kf1 Rbb2 24. Rac1 g6 25. Rxc2 Rxc2 26. Rb1
Bxa3 27. Rxb7 Bc1 28. d5 a3 29. d6 Rc8 30. d7 Ra8 31. Nxc1 Kf8 32. Rc7 Ke7 33.
Rc8 1-0

[Event "CAN-ch U1600"]
[Site "Kingston CAN"]
[Date "2022.04.15"]
[Round "5.68"]
[White "Samuel, Victor"]
[Black "Narula, Japveer"]
[Result "1-0"]
[WhiteElo "1557"]
[BlackElo "1138"]
[PlyCount "81"]
[EventDate "2022.04.13"]
[EventType "swiss"]
[EventRounds "9"]
[EventCountry "CAN"]

1. d4 d5 2. Nf3 Nf6 3. g3 c5 4. Bg2 Nc6 5. O-O Bf5 6. c4 dxc4 7. dxc5 Qa5 8.
Nd4 Qxc5 9. Nxc6 bxc6 10. Be3 Qb5 11. Nc3 Qa6 12. Qa4 Qxa4 13. Nxa4 Be4 14.
Bxe4 Nxe4 15. Rac1 Nd6 16. Rfd1 g6 17. Bc5 Bh6 18. e3 Bf8 19. Bxd6 exd6 20.
Rxc4 c5 21. Re4+ Kd8 22. Nxc5 Rb8 23. b3 Kc8 24. Re8+ Kc7 25. Na6+ Kb7 26. Nxb8
Bg7 27. Rxh8 Bxh8 28. Nd7 Be5 29. Nxe5 dxe5 30. Rd7+ Kb6 31. Rxf7 h5 32. Rf6+
Kc5 33. Rxg6 Kb4 34. Ra6 Kc3 35. Rxa7 h4 36. Rc7+ Kb2 37. b4 h3 38. b5 e4 39.
b6 Kb1 40. b7 Ka1 41. b8=Q 1-0

[Event "CAN-ch U1600"]
[Site "Kingston CAN"]
[Date "2022.04.15"]
[Round "5.69"]
[White "Cowan, Michael"]
[Black "Gillis, Doug"]
[Result "1/2-1/2"]
[WhiteElo "1000"]
[BlackElo "1356"]
[PlyCount "81"]
[EventDate "2022.04.13"]
[EventType "swiss"]
[EventRounds "9"]
[EventCountry "CAN"]

1. e4 d6 2. Nf3 Nf6 3. Nc3 c6 4. d3 g6 5. Bg5 Bg7 6. h3 Qb6 7. Rb1 O-O 8. Be2
Nbd7 9. Be3 Qc7 10. O-O e5 11. Qd2 Re8 12. Bh6 Bh8 13. Qc1 Nc5 14. Be3 Bg7 15.
a3 Ne6 16. Ng5 Nxg5 17. Bxg5 Bd7 18. f4 Qb6+ 19. Kh1 h6 20. Bxf6 Bxf6 21. f5
Bg5 22. Qd1 Qe3 23. Rf3 Qd2 24. Qxd2 Bxd2 25. fxg6 fxg6 26. Rf6 Kg7 27. Rxd6
Rad8 28. Rf1 Be6 29. Rxd8 Rxd8 30. Na4 b6 31. b3 Bd7 32. Nb2 Be6 33. a4 Rd7 34.
Nd1 b5 35. axb5 cxb5 36. Nf2 Rc7 37. c4 bxc4 38. bxc4 a5 39. Ra1 Bc3 40. Ra2
Rb7 41. Nd1 1/2-1/2

[Event "CAN-ch U1600"]
[Site "Kingston CAN"]
[Date "2022.04.15"]
[Round "5.70"]
[White "Parakin, Don"]
[Black "Lan, Jerry"]
[Result "1-0"]
[WhiteElo "1342"]
[BlackElo "998"]
[PlyCount "57"]
[EventDate "2022.04.13"]
[EventType "swiss"]
[EventRounds "9"]
[EventCountry "CAN"]

1. d4 Nf6 2. c4 d5 3. Nc3 e6 4. cxd5 exd5 5. Bg5 Be6 6. Nf3 h6 7. Bh4 c5 8. e3
Nc6 9. Bb5 a6 10. Bxc6+ bxc6 11. Ne5 Qc7 12. Qa4 cxd4 13. Qxd4 Nd7 14. Nxd7
Bxd7 15. Bg3 Bd6 16. Qxg7 O-O-O 17. Qxf7 Rdf8 18. Qg6 Bxg3 19. Qxg3 Qb7 20. O-O
Rhg8 21. Qh4 Qc7 22. g3 Rg4 23. Qxh6 Rgg8 24. Nxd5 cxd5 25. Rac1 Qxc1 26. Rxc1+
Kb7 27. Qd6 Bb5 28. Rc7+ Ka8 29. Qb6 1-0